Ricitos de oro y los tres osos /

Guardado en:
Autor Principal: Muller, Greda
Otros Autores: Coll-vinent, Anna
Formato: Libro
Publicado: Buenos Aires : Continente, 2013
Edición:1a. reimp.
Materias:
Etiquetas: Agregar Etiqueta
Sin Etiquetas, Sea el primero en etiquetar este registro!
LEADER 00889nam a22002655a 4500
001 CEM.cems015116
005 20190919162555.0
008 130507s2013##################000#0#####d
003 CEMS
020 |a 9789507543371 
082 0 4 |a 839.3137 
100 1 |a Muller, Greda 
245 1 0 |a Ricitos de oro y los tres osos /  |c Greda Muller 
250 |a 1a. reimp. 
260 |a Buenos Aires :  |b Continente,  |c 2013 
300 |a 40 p. 
505 0 |a Título original: Boucles dÓr et les trois oursTraducción: Anna Coll-Vinent 
653 |a Literatura 
653 |a Literatura holandesa 
653 |a Literatura infantil 
653 |a Cuentos infantiles 
653 |a Colección ciencias de la educación 
700 1 |a Coll-vinent, Anna 
859 |a CEMS  |b BIB. CEMS - Ccias. Educacion  |h 839.3137  |i M911  |k CE  |p 27963.19  |t Ej.1 
859 |a CEMS  |b BIB. CEMS - Ccias. Educacion  |h 839.3137  |i M911  |k CE  |p 28954.19  |t Ej.2